Vida de Juan Facundo Quiroga

Sábháilte in:
Sonraí bibleagrafaíochta
Príomhchruthaitheoir: Sarmiento, Domingo F.
Formáid: LEABHAR
Teanga:Undetermined
Foilsithe / Cruthaithe: Barcelona, España Bruguera 1970
Ábhair:
Clibeanna: Cuir clib leis
Níl clibeanna ann, Bí ar an gcéad duine le clib a chur leis an taifead seo!

MARC

LEADER 00000nam a2200000Ia 4500
008 170316s9999 xx 000 0 und d
040 |a cru BVZT 
090 |a 860 S-17v 
100 |a Sarmiento, Domingo F. 
245 |a Vida de Juan Facundo Quiroga 
260 |a Barcelona, España 
260 |b Bruguera 
260 |c 1970 
300 |a 330 páginas 
650 |a LITERATURA LATINOAMERICANA 
999 |c 9202  |d 9202 
942 |c 15 D  |h 860 S-17v  |2 z